U.S. State Demonyms - Statistics

General Stats
  • This quiz has been taken 261 times
    260 since last reset
  • The average score is 38 of 50
Answer Stats
State Demonym % Correct
Alaska Alaskan
98%
California Californian
96%
Georgia Georgian
92%
Hawaii Hawaiian
92%
Arizona Arizonan
90%
Florida Floridian
90%
Nebraska Nebraskan
88%
Nevada Nevadan
88%
New York New Yorker
88%
Iowa Iowan
87%
New Mexico New Mexican
87%
Texas Texan
87%
Virginia Virginian
87%
Oklahoma Oklahoman
86%
Missouri Missourian
85%
Indiana Indianian
84%
Mississippi Mississippian
84%
Montana Montanan
84%
North Dakota North Dakotan
84%
Pennsylvania Pennsylvanian
84%
West Virginia West Virginian
84%
South Dakota South Dakotan
83%
Minnesota Minnesotan
82%
Idaho Idahoan
81%
Rhode Island Rhode Islander
81%
North Carolina North Carolinian
80%
South Carolina South Carolinian
80%
Alabama Alabamian
79%
Kentucky Kentuckian
79%
Maryland Marylander
79%
Ohio Ohioan
79%
Michigan Michiganian
78%
Oregon Oregonian
78%
Colorado Coloradan
76%
Washington Washingtonian
76%
Maine Mainer
71%
Vermont Vermonter
71%
Kansas Kansan
70%
Louisiana Louisianian
67%
Arkansas Arkansan
66%
Illinois Illinoisan
62%
Tennesse Tennesseean
58%
New Jersey New Jerseyan
57%
Connecticut Connecticuter
56%
Wisconsin Wisconsinite
54%
Delaware Delawarean
53%
Utah Utahn
46%
New Hampshire New Hampshirite
45%
Wyoming Wyomingite
40%
Massachusetts Massachusettsan
34%
No matching quizzes found
Score Distribution
Percent of People with Each Score
Percentile by Number Answered
Your Score History
You have not taken this quiz since the last reset